| 000 | 00678nam a2200217Ia 4500 | ||
|---|---|---|---|
| 005 | 20250508165254.0 | ||
| 008 | 008 250505s9999 xx 000 0 eng d | ||
| 020 | _a978-0-415-50057-9 | ||
| 037 | _aTextBook | ||
| 040 |
_aFEDL _beng _cFEDL |
||
| 041 |
_aeng _2eng |
||
| 084 |
_a306.43, FRA/R _qFEDL |
||
| 100 |
_aFrandji Daniel Ed. _9780357 |
||
| 245 | 0 | _aKnowledge, pedagogy and society: International perspectives on Basil Bernstein's sociology of education | |
| 260 |
_aLondon, UK _bRoutledge _c2011 |
||
| 300 | _axvi, 266p. | ||
| 365 |
_aGBP _b26 |
||
| 700 |
_a Vitale Philippe Ed. _9780358 |
||
| 942 |
_cTB _h306.43, FRA/R |
||
| 999 |
_c1394177 _d1394177 |
||